LIBRARY & INFORMATION CENTRE, KCAET, TAVANUR

ONLINE PUBLIC ACCESS CATALOGUE (OPAC)

Water treatment hand book vol-2 / (Record no. 5417)

MARC details
000 -LEADER
fixed length control field 00420cam a2200169ua 4500
003 - CONTROL NUMBER IDENTIFIER
control field OSt
008 - FIXED-LENGTH DATA ELEMENTS--GENERAL INFORMATION
fixed length control field 250120b |||||||| |||| 00| 0 eng d
020 ## - INTERNATIONAL STANDARD BOOK NUMBER
ISBN 2 9503984 1 3
041 ## - LANGUAGE CODE
Language code of text/sound track or separate title eng
082 ## - DEWEY DECIMAL CLASSIFICATION NUMBER
Classification number 628.162
Item number DEG/WA
100 ## - MAIN ENTRY--AUTHOR NAME
Personal name Degremont, .
245 ## - TITLE STATEMENT
Title Water treatment hand book vol-2 /
250 ## - EDITION STATEMENT
Edition statement 6 /
260 ## - PUBLICATION, DISTRIBUTION, ETC. (IMPRINT)
Place of publication Paris :
Name of publisher Lavoisier publishing ,
Year of publication 1991.
300 ## - PHYSICAL DESCRIPTION
Number of Pages 1214 ; .
942 ## - ADDED ENTRY ELEMENTS (KOHA)
Koha item type Books
Holdings
Withdrawn status Lost status Damaged status Home library Current library Date acquired Full call number Accession Number Koha item type
      KAUAET   07/04/2012 028.71553 20356 Books
      KAUAET KAUAET 28/06/2022 628.162 DEG/WA 20350 Books
free website counter